000 00486nam a2200169Ia 4500
999 _c11974
_d11974
003 OSt
005 20201014160038.0
008 190216s9999||||xx |||||||||||||| ||und||
040 _coclc
082 _a821.8
_bBRO/P
100 _aBrowning, Robert
_94904
245 0 _aPoetry & Prose /
_cRobert browning
260 _bOxford At The Clarendon Press,
_c1966.
_aLondon:
300 _a203p
650 _aEnglish Poetry
942 _cBK
_2ddc
_h821.8
_iBRO/P
_k821.8
_mBRO/P